| 000 | 00715nam a22002297a 4500 | ||
|---|---|---|---|
| 999 |
_c2986 _d2986 |
||
| 003 | AR-CdUCM | ||
| 008 | 190305b ||||| |||| 00| 0 spa d | ||
| 040 |
_aMUNICIPALIDAD PROVINCIAL DEL CUSCO _cBIBLIOTECA MUNICIPAL DEL CUSCO |
||
| 082 |
_a869.6333 / _bS55 |
||
| 100 |
_aSilva, José Asunción _910189 |
||
| 245 | _aNocturno y otros poemas / | ||
| 260 |
_aBuenos Aires : _bEdit. Universitaria, _c1964. |
||
| 300 |
_a74 páginas ; _c17 cm. |
||
| 440 |
_aSerie del nuevo mundo _910190 |
||
| 500 | _aDonación de la familia Nieto | ||
| 650 |
_aPoesía colombiana _910191 |
||
| 650 |
_aColombia _9140 |
||
| 650 |
_aSiglo XX _98 |
||
| 700 |
_aLoprete, Carlos Alberto _910192 |
||
| 942 |
_2ddc _cLIBROS |
||
| 945 | _araen | ||